[Event "Ostrava Konik op-A"]
[Site "Ostrava"]
[Date "2022.05.02"]
[Round "3"]
[White "Macicek, Jakub"]
[Black "Dobrovolsky, Ladislav"]
[Result "0-1"]
[WhiteElo "2243"]
[BlackElo "2222"]
[PlyCount "90"]
[EventDate "2022.04.30"]
[EventType "swiss"]
[EventRounds "9"]
[EventCountry "CZE"]
[SourceTitle "CBM 208 Extra"]
[Source "ChessBase"]
[SourceDate "2022.07.31"]
[SourceVersion "1"]
[SourceVersionDate "2022.07.31"]
[SourceQuality "1"]

1. e4 e5 2. Nf3 Nc6 3. Bb5 Bc5 4. 0-0 Nd4 5. Nxd4 Bxd4 6. c3 Bb6 7. d4 c6 8. Ba4 d6 9. d5 Ne7 10. c4 0-0 11. dxc6 bxc6 12. Bc2 Be6 13. Qe2 f5 14. exf5 Nxf5 15. Bxf5 Rxf5 16. g3 Rf7 17. Be3 Bxe3 18. Qxe3 Bxc4 19. Rc1 Bd5 20. Nc3 Qf6 21. Nxd5 cxd5 22. Rc2 Qf5 23. Rac1 d4 24. Qd2 Raf8 25. Rd1 Qe6 26. Qa5 h6 27. b3 Rf3 28. Qxa7 Qf6 29. Rdd2 d3 30. Rc1 e4 31. Re1 Qc3 32. Red1 d5 33. Qb6 Kh8 34. Kg2 d4 35. Qe6 e3 36. fxe3 Rxe3 37. Qa6 Qc5 38. Kg1 Qe5 39. Qa3 Re1+ 40. Kg2 Qe4+ 41. Kh3 Qf5+ 42. g4 Qf3+ 43. Kh4 g5+ 44. Kh5 Qh3+ 45. Kg6 Re6# 0-1

[Event "Ostrava Konik op-A"]
[Site "Ostrava"]
[Date "2022.05.01"]
[Round "2"]
[White "Trybus, Daniel"]
[Black "Macicek, Jakub"]
[Result "1/2-1/2"]
[WhiteElo "1976"]
[BlackElo "2243"]
[PlyCount "132"]
[EventDate "2022.04.30"]
[EventType "swiss"]
[EventRounds "9"]
[EventCountry "CZE"]
[SourceTitle "CBM 208 Extra"]
[Source "ChessBase"]
[SourceDate "2022.07.31"]
[SourceVersion "1"]
[SourceVersionDate "2022.07.31"]
[SourceQuality "1"]

1. e4 e6 2. d4 d5 3. Nd2 Nf6 4. e5 Nfd7 5. Bd3 c5 6. c3 Nc6 7. Ne2 cxd4 8. cxd4 f6 9. exf6 Qxf6 10. Nf3 h6 11. Be3 Bd6 12. Rc1 a6 13. Qd2 0-0 14. 0-0 Rf7 15. Ng3 Nf8 16. a3 Bd7 17. Nh5 Qe7 18. Bf4 Bxf4 19. Nxf4 Qd6 20. Ne2 Be8 21. Qe3 Nd7 22. Bb1 Rf6 23. Nh4 e5 24. dxe5 Ndxe5 25. Nf5 Qd7 26. Nfd4 Bf7 27. Nxc6 Nxc6 28. Rfd1 Re8 29. Qd2 Qg4 30. Ng3 Qf4 31. Qxf4 Rxf4 32. Rd2 g6 33. Rcd1 Rf6 34. h4 Ne7 35. Ne2 Rc6 36. Nd4 Rc7 37. g3 Rec8 38. Kg2 Rc1 39. Ba2 Rxd1 40. Rxd1 Nc6 41. h5 Kg7 42. hxg6 Kxg6 43. Bb1+ Kf6 44. Nf5 h5 45. Nd6 Rd8 46. Nxf7 Kxf7 47. f4 d4 48. Kf3 Kf6 49. Bd3 Rd5 50. b4 Rd8 51. Be4 Re8 52. Rh1 Rh8 53. Rc1 h4 54. g4 h3 55. g5+ Ke6 56. Rh1 Ne7 57. Kg4 h2 58. f5+ Ke5 59. Re1 Nd5 60. Bxd5+ Kxd5 61. Rh1 Ke5 62. f6 d3 63. Re1+ Kd5 64. Rh1 Ke5 65. Re1+ Kd5 66. Rh1 Ke5 1/2-1/2

[Event "Pobeskydy op 41st"]
[Site "Frydek Mistek"]
[Date "2022.04.15"]
[Round "4"]
[White "Karas, Marek"]
[Black "Macicek, Jakub"]
[Result "1/2-1/2"]
[WhiteElo "2301"]
[BlackElo "2243"]
[PlyCount "65"]
[EventDate "2022.04.14"]
[EventType "swiss"]
[EventRounds "9"]
[EventCountry "CZE"]
[SourceTitle "CBM 207 Extra"]
[Source "ChessBase"]
[SourceDate "2022.05.31"]
[SourceVersion "1"]
[SourceVersionDate "2022.05.31"]
[SourceQuality "1"]

1. d4 Nf6 2. c4 e6 3. Nf3 Bb4+ 4. Nc3 0-0 5. e3 c5 6. Bd3 cxd4 7. exd4 d5 8. 0-0 dxc4 9. Bxc4 Nbd7 10. Bb3 b6 11. a3 Be7 12. Re1 Bb7 13. Qe2 Re8 14. Bf4 Nf8 15. Bg3 a6 16. Rac1 Rc8 17. Red1 b5 18. Ne5 Qb6 19. f3 Nd5 20. Nxd5 Bxd5 21. Rxc8 Rxc8 22. Bxd5 exd5 23. Bf2 Qc7 24. Re1 Bd6 25. f4 Nd7 26. Qf3 Nf6 27. Be3 Qa5 28. Re2 Qa4 29. h3 Qd1+ 30. Kh2 Rc2 31. Rxc2 Qxc2 32. b4 Qc3 33. Bf2 1/2-1/2

[Event "CZE-chT2F 2122"]
[Site "Czech Republic"]
[Date "2022.03.20"]
[Round "10.2"]
[White "Macicek, Jakub"]
[Black "Orzechowski, Jacek"]
[Result "1-0"]
[WhiteElo "2241"]
[BlackElo "2124"]
[PlyCount "57"]
[EventDate "2021.10.17"]
[EventType "team-tourn"]
[EventRounds "11"]
[EventCountry "CZE"]
[SourceTitle "EXT 2024"]
[Source "ChessBase"]
[SourceDate "2023.10.10"]
[SourceVersion "1"]
[SourceVersionDate "2023.10.10"]
[SourceQuality "1"]
[WhiteTeam "Ostrava"]
[BlackTeam "Dolni Benesov"]
[WhiteTeamCountry "CZE"]
[BlackTeamCountry "CZE"]

1. d4 d6 2. c4 e5 3. d5 f5 4. e4 Nf6 5. exf5 Bxf5 6. Nc3 Be7 7. Nge2 0-0 8. Ng3 Bg6 9. Bd3 Bxd3 10. Qxd3 Na6 11. 0-0 Nd7 12. a3 Bg5 13. Bxg5 Qxg5 14. b4 Rf4 15. Nge4 Qg6 16. f3 Nf6 17. c5 Nxe4 18. Nxe4 dxc5 19. bxc5 c6 20. d6 Rd8 21. Rab1 Rd7 22. Rb2 h6 23. Rfb1 Qf7 24. Qc3 Rf5 25. Rb3 Kh8 26. g4 Rf4 27. Qxe5 Kh7 28. Kg2 Kg8 29. h4 1-0

[Event "CZE-chT2F 2122"]
[Site "Czech Republic"]
[Date "2022.02.27"]
[Round "9.2"]
[White "Cempel, Jaroslav"]
[Black "Macicek, Jakub"]
[Result "1/2-1/2"]
[WhiteElo "2020"]
[BlackElo "2241"]
[PlyCount "103"]
[EventDate "2021.10.17"]
[EventType "team-tourn"]
[EventRounds "11"]
[EventCountry "CZE"]
[SourceTitle "EXT 2024"]
[Source "ChessBase"]
[SourceDate "2023.10.10"]
[SourceVersion "1"]
[SourceVersionDate "2023.10.10"]
[SourceQuality "1"]
[WhiteTeam "Poruba Slavoj III"]
[BlackTeam "Ostrava"]
[WhiteTeamCountry "CZE"]
[BlackTeamCountry "CZE"]

1. d4 Nf6 2. c4 e6 3. Nc3 Bb4 4. Qc2 0-0 5. Nf3 d5 6. Bg5 c5 7. e3 cxd4 8. exd4 h6 9. Bxf6 Qxf6 10. a3 Bxc3+ 11. Qxc3 Nc6 12. Ne5 Nxe5 13. dxe5 Qf4 14. Be2 Bd7 15. g3 Qe4 16. f3 Qf5 17. Bd3 Qh5 18. 0-0 dxc4 19. Be4 Rab8 20. f4 Bc6 21. Bxc6 bxc6 22. Rf2 Rfd8 23. Qxc4 Rd1+ 24. Rxd1 Qxd1+ 25. Kg2 Qd5+ 26. Qxd5 cxd5 27. Rc2 g5 28. Kf3 Kg7 29. b4 Kg6 30. Rc5 Rb7 31. g4 Rd7 32. f5+ Kg7 33. Ke3 h5 34. h3 hxg4 35. hxg4 exf5 36. gxf5 d4+ 37. Kd3 g4 38. Rc6 g3 39. e6 fxe6 40. Rxe6 Kf8 41. Re2 Re7 42. Rg2 Re3+ 43. Kxd4 Rxa3 44. Ke5 Kf7 45. Rc2 Re3+ 46. Kf4 g2 47. Rxg2 Rb3 48. Rh2 Rxb4+ 49. Kg5 Rb6 50. Rh7+ Kf8 51. Rxa7 Rc6 52. Kh4 1/2-1/2

[Event "CZE-chT2F 2122"]
[Site "Czech Republic"]
[Date "2022.02.13"]
[Round "8.2"]
[White "Macicek, Jakub"]
[Black "Sramek, Vojtech"]
[Result "1-0"]
[WhiteElo "2241"]
[BlackElo "2208"]
[PlyCount "127"]
[EventDate "2021.10.17"]
[EventType "team-tourn"]
[EventRounds "11"]
[EventCountry "CZE"]
[SourceTitle "EXT 2024"]
[Source "ChessBase"]
[SourceDate "2023.10.10"]
[SourceVersion "1"]
[SourceVersionDate "2023.10.10"]
[SourceQuality "1"]
[WhiteTeam "Ostrava"]
[BlackTeam "Orlova Slavia II"]
[WhiteTeamCountry "CZE"]
[BlackTeamCountry "CZE"]

1. d4 d5 2. c4 c6 3. Nc3 Nf6 4. e3 e6 5. Nf3 Nbd7 6. Bd3 dxc4 7. Bxc4 b5 8. Bd3 Bb7 9. e4 b4 10. Na4 c5 11. e5 Nd5 12. 0-0 cxd4 13. Nxd4 Nxe5 14. Bb5+ Nd7 15. Re1 Rc8 16. Qh5 g6 17. Qh3 a6 18. Bd3 e5 19. Be4 Be7 20. Nf3 0-0 21. Bh6 Re8 22. Rad1 N7f6 23. Bf5 Bd6 24. Bxc8 Bxc8 25. Qh4 e4 26. Bg5 exf3 27. Rxe8+ Qxe8 28. Bxf6 Bb7 29. b3 Nf4 30. g3 Ne2+ 31. Kh1 Qe6 32. Bb2 h5 33. Qd8+ Bf8 34. Qd7 Qxd7 35. Rxd7 Bc8 36. Rd3 Bf5 37. Re3 g5 38. h3 Bxh3 39. Rxf3 Bg7 40. Bxg7 Kxg7 41. Rd3 Bf5 42. Rd6 Nc1 43. Rxa6 Nxa2 44. Rb6 Be4+ 45. Kh2 f6 46. Nc5 Bd5 47. Rd6 Nc3 48. Rb6 Na2 49. Ne6+ Kg6 50. Nd4 Bf7 51. f4 gxf4 52. gxf4 Bd5 53. Kg3 Kg7 54. Rb5 Bf7 55. Rb7 Kf8 56. f5 Ke8 57. Kh4 Kf8 58. Rb6 Ke7 59. Nc6+ Kf8 60. Nxb4 Bxb3 61. Nxa2 Bxa2 62. Kxh5 Kg7 63. Rb7+ Bf7+ 64. Rxf7+ 1-0

[Event "Prague op-A 20th"]
[Site "Prague"]
[Date "2022.01.13"]
[Round "8"]
[White "Ronce, Nathan"]
[Black "Macicek, Jakub"]
[Result "1/2-1/2"]
[WhiteElo "2171"]
[BlackElo "2259"]
[PlyCount "139"]
[EventDate "2022.01.07"]
[EventType "swiss"]
[EventRounds "9"]
[EventCountry "CZE"]
[SourceTitle "CBM 206 Extra"]
[Source "ChessBase"]
[SourceDate "2022.03.31"]
[SourceVersion "1"]
[SourceVersionDate "2022.03.31"]
[SourceQuality "1"]

1. d4 Nf6 2. c4 e6 3. Nf3 d5 4. Nc3 Be7 5. Bf4 0-0 6. e3 c6 7. Bd3 Nbd7 8. c5 Nh5 9. 0-0 Nxf4 10. exf4 b6 11. b4 a5 12. a3 Ba6 13. Bxa6 Rxa6 14. Qd3 b5 15. Rfb1 a4 16. Re1 Bf6 17. Ne5 Qc7 18. g3 Raa8 19. h4 g6 20. Re2 Bg7 21. Rae1 Rae8 22. h5 Bxe5 23. dxe5 Kh8 24. Qd4 Kg7 25. Kg2 Rg8 26. Nb1 Kf8 27. Nd2 Ke7 28. Nf3 Kd8 29. Rh1 Nf8 30. Ree1 Kc8 31. hxg6 fxg6 32. Rh6 Rg7 33. Reh1 Kb7 34. Ng5 Ree7 35. Kf1 Ka6 36. Ke2 Kb7 37. Kd2 Qd7 38. Kc3 Qc7 39. Rd1 Ka6 40. Rdh1 Kb7 41. Kb2 Ka6 42. R1h4 Kb7 43. Nf3 Qd7 44. Rh1 Ref7 45. Qe3 Qe8 46. Kc2 Rc7 47. Ng5 Rce7 48. Qd4 Rc7 49. Kd2 Rce7 50. Ke2 Rc7 51. Kf1 Rce7 52. Kg2 Rc7 53. Rd1 Rce7 54. Qe3 Rc7 55. g4 Rce7 56. Nf3 Rc7 57. g5 Rce7 58. Rc1 Kb8 59. Nd4 Rb7 60. Nf3 Rbe7 61. Nh2 Qd7 62. Rd1 Qc7 63. Ng4 Kb7 64. Nf6 Kb8 65. Rd4 Kb7 66. Rh1 Ka6 67. Qh3 Kb7 68. Qh6 Ka7 69. Rhd1 Kb7 70. Rh1 1/2-1/2

[Event "Prague op-A 20th"]
[Site "Prague"]
[Date "2022.01.12"]
[Round "7"]
[White "Macicek, Jakub"]
[Black "Skou, Niels"]
[Result "1-0"]
[WhiteElo "2259"]
[BlackElo "2065"]
[PlyCount "65"]
[EventDate "2022.01.07"]
[EventType "swiss"]
[EventRounds "9"]
[EventCountry "CZE"]
[SourceTitle "CBM 206 Extra"]
[Source "ChessBase"]
[SourceDate "2022.03.31"]
[SourceVersion "1"]
[SourceVersionDate "2022.03.31"]
[SourceQuality "1"]

1. d4 d5 2. c4 e6 3. Nc3 Nf6 4. cxd5 exd5 5. Bg5 Nbd7 6. e3 c6 7. Bd3 Be7 8. Qc2 h6 9. Bh4 Nh5 10. Bxe7 Qxe7 11. 0-0-0 Nb6 12. Kb1 Nf6 13. Rc1 Be6 14. Nf3 0-0-0 15. Na4 Nxa4 16. Qxa4 Kb8 17. Rc3 Rc8 18. Rhc1 Rc7 19. Ne5 Rhc8 20. Ra3 b5 21. Qa6 Bd7 22. Rac3 Qe8 23. a4 bxa4 24. Qxa4 Ne4 25. Bxe4 dxe4 26. Rc5 f6 27. Nxd7+ Qxd7 28. d5 f5 29. dxc6 Qd3+ 30. Ka2 g6 31. Rd1 Qe2 32. Rd7 a6 33. Qa5 1-0

[Event "CZE-chT2F 1920"]
[Site "Czech Republic"]
[Date "2020.01.26"]
[Round "7.5"]
[White "Macicek, Jakub"]
[Black "Kopec, Ladislav"]
[Result "1-0"]
[WhiteElo "2244"]
[BlackElo "2069"]
[PlyCount "39"]
[EventDate "2019.10.13"]
[EventType "team-tourn"]
[EventRounds "11"]
[EventCountry "CZE"]
[SourceTitle "EXT 2024"]
[Source "ChessBase"]
[SourceDate "2023.10.10"]
[SourceVersion "1"]
[SourceVersionDate "2023.10.10"]
[SourceQuality "1"]
[WhiteTeam "Ostrava Labortech II"]
[BlackTeam "Ostrava TJ Nova Hut II"]
[WhiteTeamCountry "CZE"]
[BlackTeamCountry "CZE"]

1. d4 Nf6 2. c4 g6 3. Nc3 Bg7 4. e4 d6 5. f4 0-0 6. Nf3 c5 7. d5 e6 8. dxe6 Bxe6 9. Bd3 Nc6 10. 0-0 a6 11. f5 Bd7 12. Bg5 Ne5 13. Nxe5 dxe5 14. Nd5 gxf5 15. Qe1 Bc6 16. Rxf5 Bxd5 17. exd5 Qb6 18. Rxf6 Qxb2 19. Rf2 Qd4 20. Rd1 1-0

[Event "CZE-chT2F 1920"]
[Site "Czech Republic"]
[Date "2019.11.17"]
[Round "3.5"]
[White "Macicek, Jakub"]
[Black "Pilch, Roman"]
[Result "1/2-1/2"]
[WhiteElo "2259"]
[BlackElo "2121"]
[PlyCount "32"]
[EventDate "2019.10.13"]
[EventType "team-tourn"]
[EventRounds "11"]
[EventCountry "CZE"]
[SourceTitle "EXT 2024"]
[Source "ChessBase"]
[SourceDate "2023.10.10"]
[SourceVersion "1"]
[SourceVersionDate "2023.10.10"]
[SourceQuality "1"]
[WhiteTeam "Ostrava Labortech II"]
[BlackTeam "Trinec II"]
[WhiteTeamCountry "CZE"]
[BlackTeamCountry "CZE"]

1. d4 Nf6 2. c4 c5 3. d5 b5 4. Qc2 g6 5. e4 d6 6. cxb5 a6 7. b6 Qxb6 8. Nc3 Bg7 9. Nf3 0-0 10. Be2 a5 11. 0-0 Ba6 12. e5 Ng4 13. exd6 exd6 14. Bf4 Nd7 15. Na4 Qb4 16. Bd2 Qb7 1/2-1/2

[Event "CZE-ch"]
[Site "Ostrava"]
[Date "2017.05.06"]
[Round "8"]
[White "Macicek, Jakub"]
[Black "Machycek, Lubomir"]
[Result "1/2-1/2"]
[WhiteElo "2284"]
[BlackElo "2222"]
[PlyCount "75"]
[EventDate "2017.04.29"]
[EventType "swiss"]
[EventRounds "9"]
[EventCountry "CZE"]
[SourceTitle "CBM 178 Extra"]
[Source "ChessBase"]
[SourceDate "2017.06.22"]
[SourceVersion "1"]
[SourceVersionDate "2017.06.22"]
[SourceQuality "1"]

1. e4 Nf6 2. Nc3 e5 3. Nf3 Bb4 4. Nxe5 0-0 5. Be2 Re8 6. Nd3 Bxc3 7. dxc3 Nxe4 8. 0-0 d5 9. Nf4 c6 10. Be3 Nd6 11. Re1 Nf5 12. Bc1 Nd7 13. c4 dxc4 14. Bxc4 Rxe1+ 15. Qxe1 Nb6 16. Bd3 Qe7 17. Bd2 Bd7 18. Qxe7 Nxe7 19. Re1 Re8 20. f3 Ned5 21. Rxe8+ Bxe8 22. Nxd5 Nxd5 23. c4 Nc7 24. b4 Bd7 25. Kf2 g6 26. Be3 a6 27. Ke1 Ne6 28. g4 Kf8 29. h3 Ke7 30. Ke2 Kd6 31. f4 c5 32. a3 b6 33. Kf3 a5 34. f5 gxf5 35. Bxf5 h5 36. bxc5+ bxc5 37. Kg3 Ke5 38. Bxe6 1/2-1/2

[Event "CZE-ch"]
[Site "Ostrava"]
[Date "2017.05.02"]
[Round "4"]
[White "Macicek, Jakub"]
[Black "Psenicka, Pavel"]
[Result "1-0"]
[WhiteElo "2284"]
[BlackElo "2019"]
[PlyCount "79"]
[EventDate "2017.04.29"]
[EventType "swiss"]
[EventRounds "9"]
[EventCountry "CZE"]
[SourceTitle "CBM 178 Extra"]
[Source "ChessBase"]
[SourceDate "2017.06.22"]
[SourceVersion "1"]
[SourceVersionDate "2017.06.22"]
[SourceQuality "1"]

1. e4 Nf6 2. Nc3 e5 3. Nf3 Nc6 4. Bb5 Bb4 5. 0-0 0-0 6. d3 d6 7. Bg5 Bxc3 8. bxc3 Qe7 9. Re1 Nd8 10. d4 c6 11. Bd3 Ne6 12. Bc1 Nd7 13. g3 c5 14. Bf1 Re8 15. Bg2 Rb8 16. Qd2 f6 17. Bb2 b6 18. Rad1 Ndf8 19. Nh4 g6 20. f4 Ng7 21. Qf2 Bg4 22. Rd2 Be6 23. a3 Bf7 24. Bf3 Nfe6 25. Ng2 cxd4 26. cxd4 Nxd4 27. Bxd4 exd4 28. Rxd4 Ne6 29. Rd2 Nc5 30. Qd4 Rbd8 31. Rde2 Ne6 32. Qb2 Rf8 33. h4 Nc5 34. Kh2 Bc4 35. Re3 Qf7 36. h5 Rd7 37. Nh4 g5 38. Nf5 Kh8 39. fxg5 Be6 40. Kg2 1-0

[Event "CZE-ch"]
[Site "Ostrava"]
[Date "2017.04.29"]
[Round "1"]
[White "Krejci, Jan1111"]
[Black "Macicek, Jakub"]
[Result "1-0"]
[WhiteElo "2520"]
[BlackElo "2284"]
[PlyCount "91"]
[EventDate "2017.04.29"]
[EventType "swiss"]
[EventRounds "9"]
[EventCountry "CZE"]
[SourceTitle "CBM 178 Extra"]
[Source "ChessBase"]
[SourceDate "2017.06.22"]
[SourceVersion "1"]
[SourceVersionDate "2017.06.22"]
[SourceQuality "1"]

1. d4 e6 2. c4 f5 3. g3 Nf6 4. Bg2 d5 5. Nh3 c6 6. Qc2 Bd6 7. 0-0 0-0 8. Bf4 Be7 9. Nd2 Nh5 10. Nf3 Nxf4 11. Nxf4 Bd6 12. e3 Qe7 13. Rab1 Nd7 14. b4 Nf6 15. b5 Bd7 16. bxc6 Bxc6 17. c5 Bc7 18. Ng5 Bxf4 19. exf4 h6 20. Nf3 Nd7 21. Rfe1 Qf6 22. h4 Rac8 23. Bf1 b6 24. Ba6 Rc7 25. cxb6 axb6 26. Rbc1 Nb8 27. Qb2 Ra7 28. Bf1 Bd7 29. Ne5 Rb7 30. Qb4 Rd8 31. a4 Be8 32. Re3 Qe7 33. Qb3 Rc7 34. Rb1 Rdc8 35. Qxb6 Bxa4 36. Ng6 Qf7 37. Rxe6 Nc6 38. Rd6 Kh7 39. Ne5 Qe7 40. Rxd5 Rb8 41. Qxb8 Nxb8 42. Rxb8 Bd7 43. Bd3 Qe6 44. Rxd7 Rxd7 45. Bc4 Rd5 46. Rd8 1-0

[Event "CZE-chT2F 1617"]
[Site "Czech Republic"]
[Date "2016.11.13"]
[Round "3.2"]
[White "Macicek, Jakub"]
[Black "Urbanski, Grzegorz"]
[Result "0-1"]
[WhiteElo "2235"]
[BlackElo "2231"]
[PlyCount "76"]
[EventDate "2016.10.09"]
[EventType "team-tourn"]
[EventRounds "11"]
[EventCountry "CZE"]
[SourceTitle "EXT 2022"]
[Source "ChessBase"]
[SourceDate "2021.10.06"]
[SourceVersion "1"]
[SourceVersionDate "2021.10.06"]
[SourceQuality "1"]
[WhiteTeam "Poruba Slavoj II"]
[BlackTeam "Cesky Tesin"]
[WhiteTeamCountry "CZE"]
[BlackTeamCountry "CZE"]

1. e4 e6 2. d3 d5 3. Nd2 c5 4. Ngf3 Nc6 5. g3 Bd6 6. Bg2 Nge7 7. 0-0 0-0 8. Re1 f6 9. exd5 exd5 10. d4 c4 11. c3 b5 12. b3 Bg4 13. Nf1 Bh5 14. a4 a6 15. Ba3 Bxa3 16. Rxa3 Qd6 17. b4 f5 18. h3 Ra7 19. axb5 axb5 20. Rxa7 Nxa7 21. Qa1 Nac8 22. Ne5 f4 23. gxf4 Rxf4 24. Ng3 Be8 25. Qa8 Rf8 26. Qb7 Qe6 27. Re2 Qd6 28. Ra2 Qh6 29. Bxd5+ Kh8 30. Ra8 Qf4 31. Bf3 Bc6 32. Nxc6 Qxf3 33. Ne4 Qxe4 34. Qxe7 Nxe7 35. Rxf8+ Ng8 36. Ne5 h6 37. Rf3 Nf6 38. Re3 Qc2 0-1

[Event "CZE-chT2F 1617"]
[Site "Czech Republic"]
[Date "2016.10.23"]
[Round "2"]
[White "Rodshtein, Tereza"]
[Black "Macicek, Jakub"]
[Result "0-1"]
[WhiteElo "2207"]
[BlackElo "2235"]
[PlyCount "76"]
[EventDate "2016.10.09"]
[EventType "team-tourn"]
[EventRounds "11"]
[EventCountry "CZE"]
[SourceTitle "EXT 2022"]
[Source "ChessBase"]
[SourceDate "2021.10.06"]
[SourceVersion "1"]
[SourceVersionDate "2021.10.06"]
[SourceQuality "1"]
[WhiteTeam "Orlova Slavia"]
[BlackTeam "Poruba Slavoj II"]
[WhiteTeamCountry "CZE"]
[BlackTeamCountry "CZE"]

1. e4 c5 2. Nf3 e6 3. d4 cxd4 4. Nxd4 Nc6 5. Nc3 Qc7 6. Be2 a6 7. 0-0 Nf6 8. Be3 Bb4 9. Na4 Be7 10. c4 Nxe4 11. c5 0-0 12. Rc1 Rb8 13. g3 Nf6 14. Bf3 g6 15. Qe2 e5 16. Nb3 d6 17. cxd6 Bxd6 18. Ba7 Ra8 19. Bb6 Qe7 20. Nac5 Bc7 21. Bxc7 Qxc7 22. Rfe1 Re8 23. Qc4 Qb6 24. Qh4 Kg7 25. Qg5 h6 26. Qe3 Qc7 27. Na4 e4 28. Bg2 Bf5 29. Nd4 Qa5 30. Nc5 Nxd4 31. Qxd4 Rad8 32. Qc4 b5 33. Qb3 Rd2 34. a3 e3 35. Rxe3 Rxe3 36. Qxe3 Ng4 37. Qe1 Qd8 38. f3 Qd4+ 0-1

[Event "CZE-chT2F 1617"]
[Site "Czech Republic"]
[Date "2016.10.09"]
[Round "1.2"]
[White "Kula, Dominik"]
[Black "Macicek, Jakub"]
[Result "0-1"]
[WhiteElo "2138"]
[BlackElo "2235"]
[PlyCount "100"]
[EventDate "2016.10.09"]
[EventType "team-tourn"]
[EventRounds "11"]
[EventCountry "CZE"]
[SourceTitle "EXT 2022"]
[Source "ChessBase"]
[SourceDate "2021.10.06"]
[SourceVersion "1"]
[SourceVersionDate "2021.10.06"]
[SourceQuality "1"]
[WhiteTeam "Dobra"]
[BlackTeam "Poruba Slavoj II"]
[WhiteTeamCountry "CZE"]
[BlackTeamCountry "CZE"]

1. d4 Nf6 2. Bf4 e6 3. Nf3 d5 4. e3 c5 5. c3 Nc6 6. Nbd2 Bd6 7. Ne5 Bxe5 8. dxe5 Nd7 9. Qg4 g5 10. Qxg5 Qxg5 11. Bxg5 Ncxe5 12. f4 Ng6 13. Bb5 a6 14. Bxd7+ Bxd7 15. Kf2 Bb5 16. e4 Bc6 17. Rhe1 Ne7 18. Rad1 Rd8 19. exd5 Rxd5 20. Nc4 h6 21. Bf6 Rg8 22. g3 Rxd1 23. Rxd1 Nd5 24. Be5 f6 25. Bd6 b6 26. Ne3 Kd7 27. Bxc5 bxc5 28. c4 Kd6 29. cxd5 Bxd5 30. f5 Ke5 31. Rc1 Rc8 32. fxe6 Bxe6 33. b3 Rc6 34. Rd1 a5 35. Nc4+ Bxc4 36. bxc4 Ke4 37. Rd5 a4 38. g4 a3 39. Kg3 Rb6 40. Rxc5 Rb2 41. Ra5 Rxa2 42. c5 Kd5 43. Kf4 Ra1 44. Kf5 a2 45. Kg6 f5 46. Kxh6 f4 47. Ra3 Kxc5 48. Kg5 Kb4 49. Rf3 Rc1 50. Rxf4+ Kb5 0-1

[Event "CZE-chT2F 1415"]
[Site "Czech Republic"]
[Date "2014.11.02"]
[Round "1.68"]
[White "Smilek, Petr"]
[Black "Macicek, Jakub"]
[Result "0-1"]
[WhiteElo "1980"]
[BlackElo "2235"]
[PlyCount "108"]
[EventDate "2014.11.02"]
[EventType "team-tourn"]
[EventRounds "11"]
[EventCountry "CZE"]
[SourceTitle "EXT 2022"]
[Source "ChessBase"]
[SourceDate "2021.10.06"]
[SourceVersion "1"]
[SourceVersionDate "2021.10.06"]
[SourceQuality "1"]
[WhiteTeam "Vsetin"]
[BlackTeam "Poruba Slavoj II"]
[WhiteTeamCountry "CZE"]
[BlackTeamCountry "CZE"]

1. d4 f5 2. Nf3 Nf6 3. Bg5 g6 4. Nbd2 Bg7 5. Bxf6 exf6 6. e3 d5 7. Bd3 c6 8. c4 Be6 9. 0-0 0-0 10. cxd5 Bxd5 11. Bc4 Rf7 12. Bxd5 cxd5 13. Qa4 Nd7 14. Rfc1 Nb6 15. Qd1 Bf8 16. Ne1 Nc8 17. Qb3 Qa5 18. Nb1 Nb6 19. Nd3 a6 20. Nc3 Rc8 21. Nf4 Rd7 22. h3 Bb4 23. Nce2 Rc4 24. Rc2 Rdc7 25. Rac1 Bd2 26. Nxd5 Qxd5 27. Rxc4 Nxc4 28. Rc2 Ba5 29. Nf4 Qf7 30. d5 b5 31. a4 Nd6 32. Ne6 Rxc2 33. Qxc2 Qd7 34. Qc5 Bd8 35. axb5 axb5 36. h4 Be7 37. Qb6 Ne8 38. Qb8 Kf7 39. Qa8 Ng7 40. Qh8 Nxe6 41. dxe6+ Kxe6 42. Qg8+ Kd6 43. Qxh7 Qe8 44. h5 gxh5 45. Qxf5 Qc6 46. Kh2 Qd5 47. Qc2 Kd7 48. Kg1 Bd6 49. g3 Be5 50. b3 Bd6 51. Qh7+ Kc6 52. Qc2+ Kb6 53. Kf1 Be5 54. Qa2 Bxg3 0-1

[Event "SVK-chT1E 1415"]
[Site "Slovakia"]
[Date "2014.10.18"]
[Round "1.4"]
[White "Macicek, Jakub"]
[Black "Holtman, Teodor"]
[Result "1-0"]
[WhiteElo "2235"]
[BlackElo "2077"]
[PlyCount "71"]
[EventDate "2014.10.18"]
[EventType "team-tourn"]
[EventRounds "11"]
[EventCountry "SVK"]
[SourceTitle "EXT 2016"]
[Source "ChessBase"]
[SourceDate "2015.10.08"]
[SourceVersion "1"]
[SourceVersionDate "2015.10.08"]
[SourceQuality "1"]
[WhiteTeam "Zilina"]
[BlackTeam "Bardejov"]
[WhiteTeamCountry "SVK"]
[BlackTeamCountry "SVK"]

1. Nf3 Nf6 2. g3 b6 3. Bg2 Bb7 4. d3 e6 5. 0-0 Be7 6. e4 d5 7. e5 Nfd7 8. Re1 c5 9. Qe2 Nc6 10. c4 d4 11. h4 h6 12. h5 Rg8 13. Bf4 Qc7 14. Nbd2 0-0-0 15. a3 g5 16. hxg6 fxg6 17. g4 g5 18. Bg3 Nf8 19. Ne4 Rg7 20. Nd6+ Kb8 21. Nxb7 Qxb7 22. Nd2 Qd7 23. Rab1 Rf7 24. b4 cxb4 25. axb4 Ng6 26. Qe4 Bxb4 27. Rxb4 Rc8 28. Rb2 Nf4 29. c5 Kc7 30. cxb6+ axb6 31. Nc4 Rb8 32. Nd6 Rff8 33. Rc1 Nd5 34. Rbc2 Nc3 35. Rxc3 dxc3 36. Rxc3 1-0

[Event "CZE-chT1E 1314"]
[Site "Czech Republic"]
[Date "2014.02.23"]
[Round "8.5"]
[White "Nemec, Pavel"]
[Black "Macicek, Jakub"]
[Result "1/2-1/2"]
[WhiteElo "2228"]
[BlackElo "2230"]
[PlyCount "89"]
[EventDate "2013.10.20"]
[EventType "team-tourn"]
[EventRounds "11"]
[EventCountry "CZE"]
[SourceTitle "EXT 2015"]
[Source "ChessBase"]
[SourceDate "2014.11.20"]
[SourceVersion "1"]
[SourceVersionDate "2014.11.20"]
[SourceQuality "1"]
[WhiteTeam "Chrudim"]
[BlackTeam "Frydek Mistek II"]
[WhiteTeamCountry "CZE"]
[BlackTeamCountry "CZE"]

1. e4 e6 2. d4 d5 3. e5 c5 4. c3 Nc6 5. Nf3 Bd7 6. a3 f6 7. Bd3 Qc7 8. 0-0 0-0-0 9. Qe2 c4 10. Bc2 h6 11. Nbd2 f5 12. b3 cxb3 13. Nxb3 Kb8 14. a4 Na5 15. Nxa5 Qxa5 16. Bd2 Rc8 17. Bd3 Qc7 18. Rfb1 Bc6 19. Bc1 g5 20. Ba3 Bxa3 21. Rxa3 Ne7 22. Rab3 Ka8 23. Qa2 f4 24. a5 Rcg8 25. Qa3 g4 26. Nh4 Rg7 27. Qd6 Qc8 28. g3 Rd8 29. Qc5 Rf8 30. Ng2 fxg3 31. hxg3 Qe8 32. R1b2 h5 33. Nh4 Qd7 34. Rb4 Qe8 35. Rb1 Rfg8 36. R4b2 Qd7 37. Ng2 Rf8 38. Nf4 Rh8 39. Qd6 Qxd6 40. exd6 Nc8 41. Nxe6 Rf7 42. Nc7+ Kb8 43. Na6+ Ka8 44. Nc7+ Kb8 45. Na6+ 1/2-1/2